| 000 | 00651 a2200193 4500 | ||
|---|---|---|---|
| 999 |
_c9312 _d9312 |
||
| 020 | _a0702108499 | ||
| 020 | _a0702108502 | ||
| 050 | 0 | 0 | _aKTL3800 |
| 100 |
_aBurchell, E. M. _eauthor |
||
| 245 | 0 | 0 |
_aSouth African criminal law and procedure (formerly Gardiner and Lansdown) : _bvolume 1; general principles of criminal law / _cE. M. Burchell & Hunt, P. M. A. |
| 264 |
_aCape Town : _bJuta & Co., _c1970. |
||
| 300 | _a429p. : | ||
| 500 | _aKept up to date with supplements. | ||
| 650 | 0 | _aCriminal law | |
| 650 | 0 | _aCriminal procedure | |
| 700 |
_aHunt, P. M. A. _eauthor |
||
| 942 |
_2lcc _cBK _h3800 _iBUR _kKTL |
||